天干地支对应五行 - Statistics

General Stats
  • This quiz has been taken 81 times
  • The average score is 17 of 22
Answer Stats
Hint Answer % Correct
100%
97%
95%
91%
91%
91%
91%
91%
91%
91%
81%
77%
77%
69%
66%
64%
58%
58%
55%
49%
46%
42%
No matching quizzes found
Score Distribution
Percent of People with Each Score
Percentile by Number Answered
Your Score History
You have not taken this quiz